000 00780nam a2200229Ia 4500
003 OSt
005 20220923220635.0
006 a|||||r|||| 00| 0
007 ta
008 220922b |||||||| |||| 00| 0 hin d
024 _a188,224
037 _cTextual
040 _aARTS
_cARTS
_bhin
041 _2hin
_ahin
082 _aV4431:1:G, 152J8.2
100 _aफार्बस, अलक्जण्डर किनेलाक
245 0 _aरासमाला, अनु गोपालनारायण बहुेरा
246 _aRāsamālā, anu0 gopālanārāyaṇ bahuerā
260 _c1958
942 _hV4431:1:G, 152J8.2
_cTEXL
_2CC
999 _c341300
_d341300